000 00401nam a2200145Ia 4500
020 _a9.7893712649e+012
082 _a658.8
_bSHA/P
100 _a20260330u\\\\\\\\\\\y0engy0103\\\\ba
100 _aSharma, Kavita
245 0 _aPrinciples of Marketing: With Case Based Practical Exercises
250 _a4th
260 _aNew Delhi
_bTaxmann Publication Pvt Ltd
_c2025
300 _a318p.
942 _cBK
999 _c52421
_d52421